000 00778nam a22002177a 4500
999 _c2323
_d2323
003 AR-CdUCM
008 190304b ||||| |||| 00| 0 spa d
040 _aMUNICIPALIDAD PROVINCIAL DEL CUSCO
_cBIBLIOTECA MUNICIPAL DEL CUSCO
082 _a349.85 /
_bOR74
100 _aOrtiz Caballero, René
_96334
245 _aDerecho y Ruptura :
_bA Propósito del Proceso Emancipador en el Perú del Ochocientos /
260 _aLima :
_bPontificia Universidad Católica del Perú,
_c1989.
300 _a142 paginas ;
_c21cm.
505 _aContenido -- La Ruptura -- La Independencia del Perú -- El tiempo -- Conclusiones.
650 _aDerecho
_9739
650 _aPerú
_935
650 _aHistoria
_9136
700 _aGonzales R, Carlos
_98375
942 _2ddc
_cLIBROS
945 _apjha